[Event "Eliminacje_Strefowe_OP_SL_2024_C13"]
[Site "?"]
[Date "2024.09.10"]
[Round "3.3"]
[White "Plowy, Karol"]
[Black "Staniczek, Kacper"]
[Result "0-1"]
[BlackElo "1897"]
[WhiteElo "1638"]
[LiveChessVersion "1.4.8"]

1. e4 {[%clk 1:30:56]} d5 {[%clk 1:30:58]} 2. exd5 {[%clk 1:30:57]} Nf6
{[%clk 1:31:15]} 3. d4 {[%clk 1:30:39]} Bg4 {[%clk 1:30:59]} 4. Be2
{[%clk 1:28:34]} Bxe2 {[%clk 1:31:11]} 5. Qxe2 {[%clk 1:28:26]} Qxd5
{[%clk 1:30:51]} 6. Nf3 {[%clk 1:26:55]} Nc6 {[%clk 1:29:10]} 7. O-O
{[%clk 1:16:06]} O-O-O {[%clk 1:27:09]} 8. c4 {[%clk 1:12:25]} Nxd4
{[%clk 1:06:43]} 9. Nxd4 {[%clk 1:06:22]} Qxd4 {[%clk 1:06:42]} 10. Be3
{[%clk 1:03:24]} Qd3 {[%clk 1:06:30]} 11. Qxd3 {[%clk 1:00:43]} Rxd3
{[%clk 1:05:57]} 12. Nc3 {[%clk 1:01:10]} e6 {[%clk 1:02:45]} 13. Rad1
{[%clk 0:57:50]} Rxd1 {[%clk 1:02:32]} 14. Rxd1 {[%clk 0:58:18]} Bb4
{[%clk 1:02:05]} 15. Bd4 {[%clk 0:56:57]} Rd8 {[%clk 0:55:39]} 16. Bxf6
{[%clk 0:56:58]} Rxd1+ {[%clk 0:56:01]} 17. Nxd1 {[%clk 0:57:25]} gxf6
{[%clk 0:56:24]} 18. f3 {[%clk 0:57:19]} Bc5+ {[%clk 0:55:36]} 19. Kf1
{[%clk 0:57:47]} Bd4 {[%clk 0:55:58]} 20. Ke2 {[%clk 0:56:51]} Kd7
{[%clk 0:55:42]} 21. Kd3 {[%clk 0:56:52]} c5 {[%clk 0:55:35]} 22. Ke4
{[%clk 0:51:48]} f5+ {[%clk 0:53:40]} 23. Kf4 {[%clk 0:51:15]} Kd6
{[%clk 0:52:16]} 24. Kg5 {[%clk 0:50:25]} Bg7 {[%clk 0:52:07]} 25. f4
{[%clk 0:42:09]} a6 {[%clk 0:46:14]} 26. b3 {[%clk 0:31:49]} b5 {[%clk 0:45:30]}
27. Nf2 {[%clk 0:20:27]} bxc4 {[%clk 0:38:21]} 28. bxc4 {[%clk 0:20:43]} h6+
{[%clk 0:34:40]} 29. Kh5 {[%clk 0:20:40]} e5 {[%clk 0:34:59]} 30. g4
{[%clk 0:14:19]} exf4 {[%clk 0:30:36]} 31. gxf5 {[%clk 0:06:32]} Ke5
{[%clk 0:29:13]} 32. Kg4 {[%clk 0:05:26]} h5+ {[%clk 0:29:08]} 33. Kxh5
{[%clk 0:04:03]} Kxf5 {[%clk 0:29:32]} 34. h4 {[%clk 0:03:41]} f3
{[%clk 0:29:28]} 35. Ng4 {[%clk 0:02:45]} Kf4 {[%clk 0:28:43]} 36. a4
{[%clk 0:01:54]} Kg3 {[%clk 0:27:17]} 37. Ne3 {[%clk 0:01:40]} f2
{[%clk 0:27:03]} 38. Kg5 {[%clk 0:01:36]} Bd4 {[%clk 0:26:53]} 39. Nf1+
{[%clk 0:01:53]} Kg2 {[%clk 0:27:19]} 0-1

[Event "Eliminacje_Strefowe_OP_SL_2024_C13"]
[Site "?"]
[Date "2024.09.10"]
[Round "3.4"]
[White "Pawleta, Mateusz"]
[Black "Seemann, Adam"]
[Result "0-1"]
[BlackElo "1731"]
[WhiteElo "1767"]
[LiveChessVersion "1.4.8"]

1. d4 {[%clk 1:30:55]} Nf6 {[%clk 1:30:53]} 2. Nf3 {[%clk 1:31:18]} e6
{[%clk 1:31:19]} 3. c4 {[%clk 1:30:53]} Bb4+ {[%clk 1:31:43]} 4. Nbd2
{[%clk 1:31:04]} b6 {[%clk 1:32:04]} 5. a3 {[%clk 1:31:07]} Bxd2+
{[%clk 1:32:24]} 6. Qxd2 {[%clk 1:31:28]} Bb7 {[%clk 1:32:46]} 7. Qc2
{[%clk 1:30:08]} d6 {[%clk 1:30:55]} 8. e3 {[%clk 1:30:10]} Nbd7 {[%clk 1:30:59]}
9. Be2 {[%clk 1:29:55]} O-O {[%clk 1:31:03]} 10. O-O {[%clk 1:30:02]} Ne4
{[%clk 1:23:27]} 11. b4 {[%clk 1:22:49]} f5 {[%clk 1:08:20]} 12. Bb2
{[%clk 1:21:22]} Rf6 {[%clk 0:53:31]} 13. d5 {[%clk 1:18:36]} Rg6
{[%clk 0:53:47]} 14. Rfd1 {[%clk 0:48:49]} Ng5 {[%clk 0:31:22]} 15. Kh1
{[%clk 0:39:22]} Nf6 {[%clk 0:25:05]} 16. Nxg5 {[%clk 0:37:39]} Rxg5
{[%clk 0:25:27]} 17. Bf3 {[%clk 0:37:47]} Qe7 {[%clk 0:19:19]} 18. Rac1
{[%clk 0:26:47]} Rg6 {[%clk 0:15:38]} 19. Rd2 {[%clk 0:18:33]} Rf8
{[%clk 0:06:52]} 20. a4 {[%clk 0:06:13]} Rh6 {[%clk 0:06:02]} 21. Kg1
{[%clk 0:03:35]} Ng4 {[%clk 0:04:23]} 22. h3 {[%clk 0:02:11]} Qh4
{[%clk 0:02:57]} 23. Qd1 {[%clk 0:02:14]} Rg6 {[%clk 0:02:03]} 24. hxg4
{[%clk 0:00:52]} fxg4 {[%clk 0:00:43]} 25. g3 {[%clk 0:01:06]} gxf3
{[%clk 0:00:48]} 26. Qf1 {[%clk 0:00:35]} Qh5 {[%clk 0:00:55]} 27. Rd4
{[%clk 0:00:36]} e5 {[%clk 0:01:00]} 28. Re4 {[%clk 0:00:42]} Bc8
{[%clk 0:00:52]} 29. c5 {[%clk 0:00:52]} Bh3 {[%clk 0:00:46]} 0-1

[Event "Eliminacje_Strefowe_OP_SL_2024_C13"]
[Site "?"]
[Date "2024.09.10"]
[Round "3.5"]
[White "Biela, Jan"]
[Black "Zaglowek, Blazej"]
[Result "1/2-1/2"]
[BlackElo "1499"]
[WhiteElo "1561"]
[LiveChessVersion "1.4.8"]

1. d4 {[%clk 1:30:51]} d5 {[%clk 1:30:54]} 2. Nf3 {[%clk 1:31:10]} Nf6
{[%clk 1:31:05]} 3. c4 {[%clk 1:31:28]} e6 {[%clk 1:31:25]} 4. g3
{[%clk 1:31:53]} Be7 {[%clk 1:31:31]} 5. Bg2 {[%clk 1:32:16]} O-O
{[%clk 1:30:52]} 6. O-O {[%clk 1:32:29]} c6 {[%clk 1:30:37]} 7. Nc3
{[%clk 1:32:05]} b6 {[%clk 1:28:41]} 8. cxd5 {[%clk 1:29:08]} cxd5
{[%clk 1:28:52]} 9. Qc2 {[%clk 1:20:45]} Bb7 {[%clk 1:28:02]} 10. Bf4
{[%clk 1:16:50]} Nc6 {[%clk 1:26:26]} 11. a3 {[%clk 1:11:59]} Rc8
{[%clk 1:24:58]} 12. Rfd1 {[%clk 1:09:47]} Bd6 {[%clk 1:18:52]} 13. Bxd6
{[%clk 1:09:44]} Qxd6 {[%clk 1:19:16]} 14. e3 {[%clk 0:45:56]} Qe7
{[%clk 1:16:39]} 15. Rac1 {[%clk 0:40:49]} Na5 {[%clk 1:12:53]} 16. Ne5
{[%clk 0:40:21]} Nd7 {[%clk 1:11:23]} 17. Nxd7 {[%clk 0:33:08]} Qxd7
{[%clk 1:11:38]} 18. b3 {[%clk 0:32:52]} Rc7 {[%clk 1:06:35]} 19. Bf1
{[%clk 0:29:50]} Rfc8 {[%clk 1:02:48]} 20. Qb2 {[%clk 0:29:20]} Bc6
{[%clk 0:55:19]} 21. Na2 {[%clk 0:21:47]} Bb5 {[%clk 0:51:06]} 22. Rxc7
{[%clk 0:15:48]} Rxc7 {[%clk 0:51:26]} 23. Bxb5 {[%clk 0:14:24]} Qxb5
{[%clk 0:51:43]} 24. Rc1 {[%clk 0:14:16]} Qd7 {[%clk 0:47:32]} 25. Rxc7
{[%clk 0:14:23]} Qxc7 {[%clk 0:47:56]} 26. Qc1 {[%clk 0:14:52]} Qxc1+
{[%clk 0:48:07]} 27. Nxc1 {[%clk 0:15:16]} Kf8 {[%clk 0:47:10]} 28. Kf1
{[%clk 0:15:38]} Ke7 {[%clk 0:46:48]} 29. Ke2 {[%clk 0:15:59]} a6
{[%clk 0:45:46]} 30. Kd3 {[%clk 0:16:07]} Kd6 1/2-1/2

[Event "Eliminacje_Strefowe_OP_SL_2024_C13"]
[Site "?"]
[Date "2024.09.10"]
[Round "3.6"]
[White "Musial, Bartosz"]
[Black "Myslowski, Tomasz"]
[Result "1/2-1/2"]
[BlackElo "1457"]
[WhiteElo "1508"]
[LiveChessVersion "1.4.8"]

1. e4 {[%clk 1:30:59]} e6 {[%clk 1:30:56]} 2. d4 {[%clk 1:31:06]} d5
{[%clk 1:31:21]} 3. exd5 {[%clk 1:31:31]} exd5 {[%clk 1:31:46]} 4. Bd3
{[%clk 1:31:53]} Bd6 {[%clk 1:31:57]} 5. Nf3 {[%clk 1:31:55]} Ne7
{[%clk 1:32:06]} 6. h3 {[%clk 1:32:15]} O-O {[%clk 1:31:41]} 7. O-O
{[%clk 1:32:23]} Bf5 {[%clk 1:31:39]} 8. b3 {[%clk 1:30:04]} Nd7 {[%clk 1:30:31]}
9. c4 {[%clk 1:29:49]} Bxd3 {[%clk 1:29:05]} 10. Qxd3 {[%clk 1:30:03]} c6
{[%clk 1:26:58]} 11. Nc3 {[%clk 1:29:34]} dxc4 {[%clk 1:25:27]} 12. bxc4
{[%clk 1:29:20]} h6 {[%clk 1:23:32]} 13. Ne4 {[%clk 1:26:38]} Bc7
{[%clk 1:21:14]} 14. Ba3 {[%clk 1:26:38]} Re8 {[%clk 1:20:26]} 15. Nd6
{[%clk 1:26:20]} Bxd6 {[%clk 1:17:38]} 16. Bxd6 {[%clk 1:25:29]} Nf6
{[%clk 1:17:23]} 17. Bb4 {[%clk 1:23:14]} Ng6 {[%clk 1:12:25]} 18. Rfe1
{[%clk 1:22:20]} Qd7 {[%clk 1:10:20]} 19. Re3 {[%clk 1:18:17]} Rxe3
{[%clk 1:02:27]} 20. fxe3 {[%clk 1:18:02]} Re8 {[%clk 0:59:55]} 21. Be1
{[%clk 1:05:31]} Ne4 {[%clk 0:56:32]} 22. Nd2 {[%clk 1:04:35]} Nxd2
{[%clk 0:56:39]} 23. Bxd2 {[%clk 1:04:11]} Nf8 {[%clk 0:51:22]} 24. Rb1
{[%clk 0:54:23]} b6 {[%clk 0:50:09]} 25. a4 {[%clk 0:52:57]} Ne6 {[%clk 0:48:31]}
26. a5 {[%clk 0:52:21]} Rb8 {[%clk 0:48:20]} 27. axb6 {[%clk 0:52:01]} Rxb6
{[%clk 0:47:36]} 28. Rxb6 {[%clk 0:52:13]} axb6 {[%clk 0:48:00]} 29. Bb4
{[%clk 0:51:02]} Nc7 {[%clk 0:46:34]} 30. Qe4 {[%clk 0:47:19]} f5
{[%clk 0:43:38]} 31. Qe7 {[%clk 0:44:20]} Qxe7 {[%clk 0:43:40]} 32. Bxe7
{[%clk 0:44:46]} b5 {[%clk 0:42:08]} 33. cxb5 {[%clk 0:44:46]} cxb5
{[%clk 0:41:51]} 34. Kf2 {[%clk 0:44:42]} Kf7 {[%clk 0:41:35]} 35. Ba3
{[%clk 0:45:03]} Ke6 {[%clk 0:41:06]} 36. Ke2 {[%clk 0:44:40]} g6
{[%clk 0:38:13]} 37. Kd3 {[%clk 0:43:38]} Kd5 {[%clk 0:36:18]} 38. g4
{[%clk 0:41:45]} Na6 {[%clk 0:30:18]} 39. gxf5 {[%clk 0:39:56]} gxf5
{[%clk 0:30:04]} 40. Bf8 {[%clk 0:39:46]} h5 {[%clk 0:30:16]} 41. h4
{[%clk 0:39:57]} Nb8 {[%clk 0:28:51]} 42. Be7 {[%clk 0:38:27]} Nc6
{[%clk 0:28:43]} 43. Bf8 {[%clk 0:38:33]} Na5 {[%clk 0:23:06]} 44. Kc3
{[%clk 0:36:38]} Nc6 {[%clk 0:22:04]} 45. Kd3 {[%clk 0:36:29]} Nd8
{[%clk 0:16:37]} 46. Be7 {[%clk 0:32:49]} 1/2-1/2

[Event "Eliminacje_Strefowe_OP_SL_2024_C13"]
[Site "?"]
[Date "2024.09.10"]
[Round "3.7"]
[White "Kowalik, Igor"]
[Black "Rozycki, Tymoteusz"]
[Result "0-1"]
[BlackElo "1457"]
[WhiteElo "1501"]
[LiveChessVersion "1.4.8"]

1. e4 {[%clk 1:30:59]} e6 {[%clk 1:30:56]} 2. d4 {[%clk 1:31:25]} d5
{[%clk 1:31:20]} 3. exd5 {[%clk 1:31:52]} exd5 {[%clk 1:31:41]} 4. Nf3
{[%clk 1:32:16]} Bd6 {[%clk 1:31:57]} 5. Bd3 {[%clk 1:32:34]} Ne7
{[%clk 1:32:17]} 6. Nc3 {[%clk 1:32:25]} Nbc6 {[%clk 1:32:35]} 7. h3
{[%clk 1:32:39]} O-O {[%clk 1:32:52]} 8. Be3 {[%clk 1:32:46]} Be6
{[%clk 1:33:06]} 9. Qd2 {[%clk 1:32:39]} a6 {[%clk 1:33:15]} 10. a3
{[%clk 1:32:54]} Qd7 {[%clk 1:32:06]} 11. g4 {[%clk 1:32:12]} f5 {[%clk 1:28:50]}
12. gxf5 {[%clk 1:29:28]} Bxf5 {[%clk 1:29:22]} 13. Bxf5 {[%clk 1:29:13]} Qxf5
{[%clk 1:28:14]} 14. Nh4 {[%clk 1:25:10]} Qh5 {[%clk 1:24:24]} 15. Ng2
{[%clk 1:19:14]} Qf3 {[%clk 1:22:49]} 16. Kf1 {[%clk 1:18:10]} Nf5
{[%clk 1:19:43]} 17. Bf4 {[%clk 1:14:50]} Bxf4 {[%clk 1:16:01]} 18. Qxf4
{[%clk 1:14:59]} Ng3+ {[%clk 1:16:04]} 19. Qxg3 {[%clk 1:12:01]} Qxg3
{[%clk 1:16:25]} 20. Nd1 {[%clk 1:11:18]} Qf3 {[%clk 1:14:45]} 21. c3
{[%clk 1:11:13]} Rae8 {[%clk 1:14:35]} 0-1

[Event "Eliminacje_Strefowe_OP_SL_2024_C13"]
[Site "?"]
[Date "2024.09.10"]
[Round "3.8"]
[White "Furas, Pawel"]
[Black "Kaluza, Jakub"]
[Result "1/2-1/2"]
[BlackElo "1655"]
[WhiteElo "1470"]
[LiveChessVersion "1.4.8"]

1. e4 {[%clk 1:30:59]} e5 {[%clk 1:30:51]} 2. Nf3 {[%clk 1:31:24]} Nc6
{[%clk 1:31:12]} 3. Bc4 {[%clk 1:31:49]} Nf6 {[%clk 1:31:23]} 4. d3
{[%clk 1:32:11]} h6 {[%clk 1:29:11]} 5. c3 {[%clk 1:31:21]} d6 {[%clk 1:26:21]}
6. O-O {[%clk 1:30:06]} Bg4 {[%clk 1:26:08]} 7. Nbd2 {[%clk 1:30:03]} Nh7
{[%clk 1:21:48]} 8. Qb3 {[%clk 1:29:03]} Qd7 {[%clk 1:12:59]} 9. Qxb7
{[%clk 1:25:59]} Rb8 {[%clk 1:12:45]} 10. Qa6 {[%clk 1:26:04]} Rb6
{[%clk 1:10:07]} 11. Qa4 {[%clk 1:25:02]} Qc8 {[%clk 1:09:34]} 12. Bb5
{[%clk 1:24:05]} Bd7 {[%clk 1:09:28]} 13. Nc4 {[%clk 1:22:51]} a6
{[%clk 1:07:05]} 14. Bxc6 {[%clk 1:18:47]} Rxc6 {[%clk 1:05:35]} 15. Qb3
{[%clk 1:17:11]} Be6 {[%clk 1:03:04]} 16. Nfd2 {[%clk 1:15:21]} Be7
{[%clk 0:57:58]} 17. a4 {[%clk 1:13:31]} Bg5 {[%clk 0:55:55]} 18. Qa2
{[%clk 1:12:19]} Bxd2 {[%clk 0:54:29]} 19. Bxd2 {[%clk 1:12:04]} Bxc4
{[%clk 0:54:51]} 20. dxc4 {[%clk 1:12:07]} Rb6 {[%clk 0:54:52]} 21. a5
{[%clk 1:11:20]} Rb8 {[%clk 0:54:14]} 22. b4 {[%clk 1:10:40]} O-O
{[%clk 0:53:32]} 23. Rfb1 {[%clk 1:09:51]} c6 {[%clk 0:53:02]} 24. Be3
{[%clk 1:08:11]} Nf6 {[%clk 0:52:38]} 25. f3 {[%clk 1:05:57]} Qe6
{[%clk 0:46:34]} 26. Rd1 {[%clk 1:04:09]} Rfd8 {[%clk 0:44:24]} 27. Bb6
{[%clk 1:03:51]} Rd7 {[%clk 0:43:38]} 28. Qe2 {[%clk 1:01:19]} Ra8
{[%clk 0:42:45]} 29. b5 {[%clk 0:57:09]} cxb5 {[%clk 0:40:42]} 30. cxb5
{[%clk 0:56:01]} axb5 {[%clk 0:40:49]} 31. Qxb5 {[%clk 0:56:11]} Qe8
{[%clk 0:32:59]} 32. c4 {[%clk 0:53:03]} Qc8 {[%clk 0:29:46]} 33. a6
{[%clk 0:46:51]} Kh7 {[%clk 0:24:30]} 34. a7 {[%clk 0:42:53]} Qb7
{[%clk 0:19:29]} 35. Ra6 {[%clk 0:40:48]} Ne8 {[%clk 0:18:36]} 36. Rb1
{[%clk 0:37:39]} Qc8 {[%clk 0:15:31]} 37. Ra4 {[%clk 0:33:09]} Nc7
{[%clk 0:14:30]} 38. Qc6 {[%clk 0:26:25]} Qd8 {[%clk 0:11:30]} 39. Rd1
{[%clk 0:21:28]} f6 {[%clk 0:10:02]} 40. c5 {[%clk 0:19:38]} d5 {[%clk 0:09:09]}
41. Bxc7 {[%clk 0:13:21]} Rxc7 {[%clk 0:09:05]} 42. Rxd5 {[%clk 0:13:08]} Rxc6
{[%clk 0:08:54]} 43. Rxd8 {[%clk 0:13:12]} Rxd8 {[%clk 0:09:15]} 1/2-1/2

[Event "Eliminacje_Strefowe_OP_SL_2024_C13"]
[Site "?"]
[Date "2024.09.10"]
[Round "3.9"]
[White "Klepacz, Jakub"]
[Black "Dudek, Bartlomiej"]
[Result "0-1"]
[BlackElo "1558"]
[WhiteElo "1496"]
[LiveChessVersion "1.4.8"]

1. e4 {[%clk 1:30:59]} e5 {[%clk 1:30:48]} 2. Nf3 {[%clk 1:31:25]} Nc6
{[%clk 1:31:11]} 3. Bc4 {[%clk 1:31:49]} Bc5 {[%clk 1:31:11]} 4. c3
{[%clk 1:32:14]} Nf6 {[%clk 1:31:36]} 5. d4 {[%clk 1:32:41]} exd4
{[%clk 1:31:52]} 6. e5 {[%clk 1:33:07]} d5 {[%clk 1:31:52]} 7. Be2
{[%clk 1:33:31]} Ne4 {[%clk 1:30:36]} 8. cxd4 {[%clk 1:33:55]} Bb6
{[%clk 1:30:52]} 9. Nc3 {[%clk 1:34:19]} Nxc3 {[%clk 1:30:55]} 10. bxc3
{[%clk 1:34:43]} O-O {[%clk 1:30:41]} 11. Bg5 {[%clk 1:34:56]} Qe8
{[%clk 1:27:30]} 12. Qd2 {[%clk 1:34:27]} Bf5 {[%clk 1:25:45]} 13. Nh4
{[%clk 1:31:50]} Be4 {[%clk 1:23:55]} 14. f3 {[%clk 1:24:10]} Bg6
{[%clk 1:24:00]} 15. Nxg6 {[%clk 1:24:26]} hxg6 {[%clk 1:24:10]} 16. h4
{[%clk 1:23:45]} f6 {[%clk 1:22:29]} 17. exf6 {[%clk 1:23:37]} gxf6
{[%clk 1:20:35]} 18. Bh6 {[%clk 1:22:11]} Rf7 {[%clk 1:19:20]} 19. h5
{[%clk 1:21:11]} Re7 {[%clk 1:18:06]} 20. Kf1 {[%clk 1:18:54]} g5
{[%clk 1:13:51]} 21. f4 {[%clk 1:17:04]} Qd7 {[%clk 1:06:09]} 22. Qd3
{[%clk 1:14:23]} Qd6 {[%clk 1:03:18]} 23. g3 {[%clk 1:12:51]} Na5
{[%clk 0:59:41]} 24. Qg6+ {[%clk 1:11:26]} Kh8 {[%clk 0:59:38]} 25. fxg5
{[%clk 1:11:10]} Rg8 {[%clk 0:57:39]} 26. Qxf6+ {[%clk 1:10:19]} Qxf6+
{[%clk 0:57:57]} 27. gxf6 {[%clk 1:10:41]} Rf7 {[%clk 0:57:43]} 28. Bg7+
{[%clk 1:10:56]} Rgxg7 {[%clk 0:57:58]} 29. Kg2 {[%clk 1:10:22]} Rxf6
{[%clk 0:57:09]} 30. Bd3 {[%clk 1:10:37]} c5 {[%clk 0:54:51]} 31. h6
{[%clk 1:10:08]} Rgf7 {[%clk 0:54:37]} 32. dxc5 {[%clk 1:06:50]} Rf2+
{[%clk 0:53:34]} 33. Kh3 {[%clk 1:07:08]} Bxc5 {[%clk 0:53:21]} 34. Kh4
{[%clk 1:05:43]} R2f3 {[%clk 0:50:28]} 35. Rad1 {[%clk 1:04:02]} R7f6
{[%clk 0:48:07]} 36. Kg4 {[%clk 1:02:47]} Nc6 {[%clk 0:47:16]} 37. Bb1
{[%clk 1:01:21]} Ne5+ {[%clk 0:45:24]} 38. Kg5 {[%clk 1:01:30]} Be3+ 0-1

[Event "Eliminacje_Strefowe_OP_SL_2024_C13"]
[Site "?"]
[Date "2024.09.10"]
[Round "3.11"]
[White "Kieca, Szymon"]
[Black "Furas, Piotr"]
[Result "0-1"]
[BlackElo "1406"]
[WhiteElo "1436"]
[LiveChessVersion "1.4.8"]

1. f4 {[%clk 1:30:58]} c5 {[%clk 1:30:20]} 2. Nf3 {[%clk 1:30:50]} d5
{[%clk 1:29:50]} 3. e3 {[%clk 1:30:52]} e6 {[%clk 1:29:34]} 4. b3
{[%clk 1:31:04]} Nf6 {[%clk 1:29:04]} 5. Bb2 {[%clk 1:30:52]} Be7
{[%clk 1:29:10]} 6. Bb5+ {[%clk 1:30:07]} Bd7 {[%clk 1:29:11]} 7. Bxd7+
{[%clk 1:29:28]} Nbxd7 {[%clk 1:29:02]} 8. O-O {[%clk 1:29:46]} Qc7
{[%clk 1:28:18]} 9. d3 {[%clk 1:29:22]} b5 {[%clk 1:26:49]} 10. Nbd2
{[%clk 1:27:43]} c4 {[%clk 1:26:21]} 11. Be5 {[%clk 1:26:35]} Qc6
{[%clk 1:25:56]} 12. bxc4 {[%clk 1:26:10]} bxc4 {[%clk 1:26:14]} 13. Qe2
{[%clk 1:24:39]} Rc8 {[%clk 1:25:10]} 14. dxc4 {[%clk 1:19:00]} dxc4
{[%clk 1:25:24]} 15. c3 {[%clk 1:18:36]} Rg8 {[%clk 1:21:17]} 16. Rfd1
{[%clk 1:14:29]} h5 {[%clk 1:19:42]} 17. Bd4 {[%clk 1:12:08]} Bc5
{[%clk 1:18:56]} 18. Kf1 {[%clk 1:10:38]} Bxd4 {[%clk 1:15:07]} 19. exd4
{[%clk 1:08:38]} Nd5 {[%clk 1:13:58]} 20. Ne5 {[%clk 1:06:05]} Nxe5
{[%clk 1:13:28]} 21. Qxe5 {[%clk 1:05:27]} Qc7 {[%clk 1:11:17]} 22. Rdc1
{[%clk 0:58:59]} Nxf4 {[%clk 1:09:50]} 23. Qxc7 {[%clk 0:58:18]} Rxc7
{[%clk 1:10:10]} 24. Rab1 {[%clk 0:58:34]} Kd7 {[%clk 1:10:21]} 25. Nf3
{[%clk 0:53:46]} f6 {[%clk 1:10:06]} 26. Re1 {[%clk 0:52:20]} Nd5
{[%clk 1:09:32]} 27. Rbc1 {[%clk 0:49:34]} Rb8 {[%clk 1:09:26]} 28. Rc2
{[%clk 0:48:44]} a5 {[%clk 1:08:07]} 29. g3 {[%clk 0:45:58]} a4 {[%clk 1:07:52]}
30. Nd2 {[%clk 0:44:35]} a3 {[%clk 1:05:04]} 31. Ne4 {[%clk 0:43:39]} Rc6
{[%clk 1:04:04]} 32. Nc5+ {[%clk 0:42:55]} Ke7 {[%clk 1:03:26]} 33. Ree2
{[%clk 0:39:21]} Rcb6 {[%clk 1:02:00]} 34. Na4 {[%clk 0:39:08]} R6b7
{[%clk 1:00:52]} 35. Kg2 {[%clk 0:37:58]} Kf7 {[%clk 0:59:21]} 36. Kf3
{[%clk 0:36:03]} g5 {[%clk 0:59:07]} 37. h3 {[%clk 0:35:19]} Rb1 {[%clk 0:58:37]}
38. Kf2 {[%clk 0:33:37]} Rd1 {[%clk 0:57:58]} 39. Rcd2 {[%clk 0:28:10]} Rxd2
{[%clk 0:57:45]} 40. Rxd2 {[%clk 0:28:10]} Ra8 {[%clk 0:57:59]} 41. Nc5
{[%clk 0:27:43]} Nxc3 {[%clk 0:57:01]} 42. Rc2 {[%clk 0:26:50]} Nd1+
{[%clk 0:57:12]} 43. Ke2 {[%clk 0:25:39]} Nb2 {[%clk 0:57:04]} 44. Rc3
{[%clk 0:22:54]} Rd8 {[%clk 0:55:00]} 45. Rxa3 {[%clk 0:18:31]} Rxd4
{[%clk 0:55:12]} 46. Ra7+ {[%clk 0:18:03]} Kg6 {[%clk 0:55:23]} 47. Nxe6
{[%clk 0:17:58]} Re4+ {[%clk 0:55:37]} 48. Kd2 {[%clk 0:17:46]} Rxe6
{[%clk 0:55:41]} 49. Kc3 {[%clk 0:17:56]} Rb6 {[%clk 0:55:08]} 50. a4
{[%clk 0:16:17]} Nxa4+ {[%clk 0:53:56]} 51. Rxa4 {[%clk 0:16:19]} Rb3+
{[%clk 0:54:16]} 52. Kd2 {[%clk 0:16:35]} Rxg3 {[%clk 0:54:30]} 53. Rxc4
{[%clk 0:16:47]} Rxh3 {[%clk 0:54:47]} 54. Ke2 {[%clk 0:16:57]} h4
{[%clk 0:54:36]} 55. Kf2 {[%clk 0:17:12]} Ra3 {[%clk 0:53:24]} 56. Rc2
{[%clk 0:16:35]} g4 {[%clk 0:53:44]} 57. Kg1 {[%clk 0:15:02]} f5 {[%clk 0:53:10]}
58. Re2 {[%clk 0:14:00]} Kg5 {[%clk 0:52:36]} 59. Rc2 {[%clk 0:13:14]} h3
{[%clk 0:52:46]} 60. Kh2 {[%clk 0:12:49]} Kh4 {[%clk 0:53:00]} 61. Rc1
{[%clk 0:12:34]} g3+ {[%clk 0:53:13]} 62. Kg1 {[%clk 0:12:34]} h2+
{[%clk 0:52:23]} 63. Kg2 {[%clk 0:12:26]} Ra2+ {[%clk 0:52:22]} 64. Kf3
{[%clk 0:12:29]} g2 {[%clk 0:52:08]} 65. Rc4+ {[%clk 0:12:02]} Kh5
{[%clk 0:51:29]} 66. Rf4 {[%clk 0:12:18]} Rf2+ {[%clk 0:50:14]} 67. Ke3
{[%clk 0:11:05]} Rxf4 {[%clk 0:50:03]} 68. Ke2 {[%clk 0:11:12]} g1=Q
{[%clk 0:49:42]} 69. Kd3 {[%clk 0:11:17]} Qg3+ {[%clk 0:50:00]} 70. Ke2
{[%clk 0:11:38]} Rf2+ {[%clk 0:50:06]} 71. Ke1 {[%clk 0:11:54]} h1=R# 0-1

[Event "Eliminacje_Strefowe_OP_SL_2024_C13"]
[Site "?"]
[Date "2024.09.11"]
[Round "4.1"]
[White "Staniczek, Kacper"]
[Black "Seemann, Adam"]
[Result "1-0"]
[BlackElo "1731"]
[WhiteElo "1897"]
[LiveChessVersion "1.4.8"]

1. e4 {[%clk 1:30:56]} c6 {[%clk 1:30:54]} 2. d4 {[%clk 1:31:17]} d5
{[%clk 1:31:18]} 3. Nc3 {[%clk 1:31:38]} dxe4 {[%clk 1:31:41]} 4. Nxe4
{[%clk 1:32:02]} Nf6 {[%clk 1:32:04]} 5. Nxf6+ {[%clk 1:32:26]} exf6
{[%clk 1:32:27]} 6. c3 {[%clk 1:32:26]} Bd6 {[%clk 1:32:49]} 7. Bd3
{[%clk 1:32:31]} O-O {[%clk 1:33:07]} 8. Qc2 {[%clk 1:32:17]} Re8+
{[%clk 1:33:27]} 9. Ne2 {[%clk 1:32:42]} h5 {[%clk 1:33:49]} 10. Be3
{[%clk 1:31:43]} h4 {[%clk 1:28:28]} 11. O-O-O {[%clk 1:26:56]} Nd7
{[%clk 1:18:48]} 12. Kb1 {[%clk 1:02:22]} Nf8 {[%clk 1:13:52]} 13. g3
{[%clk 0:54:26]} Bg4 {[%clk 0:59:42]} 14. gxh4 {[%clk 0:48:43]} Bf3
{[%clk 0:57:32]} 15. Rhe1 {[%clk 0:48:27]} Bxh2 {[%clk 0:52:43]} 16. Rc1
{[%clk 0:38:57]} Qc7 {[%clk 0:42:05]} 17. Ng1 {[%clk 0:31:40]} Bg4
{[%clk 0:39:36]} 18. Bf5 {[%clk 0:27:45]} Bxf5 {[%clk 0:35:15]} 19. Qxf5
{[%clk 0:27:58]} Bd6 {[%clk 0:25:39]} 20. h5 {[%clk 0:24:51]} Qd7
{[%clk 0:23:59]} 21. Qf3 {[%clk 0:23:28]} Re6 {[%clk 0:20:26]} 22. Ne2
{[%clk 0:21:49]} Rae8 {[%clk 0:18:50]} 23. Rg1 {[%clk 0:21:10]} Nh7
{[%clk 0:16:56]} 24. Qg4 {[%clk 0:17:06]} Bf8 {[%clk 0:12:50]} 25. Ng3
{[%clk 0:14:36]} Kh8 {[%clk 0:06:54]} 26. Nf5 {[%clk 0:07:53]} Re4
{[%clk 0:06:51]} 27. Qf3 {[%clk 0:08:14]} Qd5 {[%clk 0:02:45]} 28. Rg3
{[%clk 0:06:12]} Ng5 {[%clk 0:01:11]} 29. Bxg5 {[%clk 0:06:14]} fxg5
{[%clk 0:01:40]} 30. Rxg5 {[%clk 0:04:29]} Re1 {[%clk 0:00:38]} 31. Qxd5
{[%clk 0:04:38]} cxd5 {[%clk 0:01:06]} 32. Ne3 {[%clk 0:04:12]} Rxc1+
{[%clk 0:01:15]} 33. Kxc1 {[%clk 0:04:38]} Bd6 {[%clk 0:01:39]} 34. Rxd5
{[%clk 0:04:41]} Re6 {[%clk 0:00:41]} 35. Kc2 {[%clk 0:04:51]} Kg8
{[%clk 0:00:44]} 36. Kd3 {[%clk 0:05:13]} Kf8 {[%clk 0:00:37]} 37. Nf5
{[%clk 0:05:29]} Bh2 {[%clk 0:00:37]} 38. Rd8+ {[%clk 0:05:52]} Re8
{[%clk 0:00:57]} 39. Rxe8+ {[%clk 0:05:58]} Kxe8 {[%clk 0:01:27]} 40. Nxg7+
{[%clk 0:06:18]} Kf8 {[%clk 0:01:16]} 41. Nf5 {[%clk 0:06:37]} Kg8
{[%clk 0:01:21]} 42. Ng3 {[%clk 0:06:55]} Kg7 {[%clk 0:01:33]} 43. d5
{[%clk 0:07:08]} Bg1 {[%clk 0:01:50]} 44. Ke3 {[%clk 0:07:27]} Kf6
{[%clk 0:02:06]} 45. d6 {[%clk 0:07:46]} Ke6 {[%clk 0:02:06]} 46. h6
{[%clk 0:08:11]} 1-0